01669cam a22002531 450000100100000000500170001000800410002701000130006804000230008104300120010405000170011610000360013324500990016926000550026830000210032349000450034450507560038965000350114565000550118091000330123508200150126895201150128399900170139800001992720200929170207.0740605s1967 nju b 000 0 eng  a67025930 aDO-SdBNPcDLCdDLC an-us---00aPN2266b.K381 aKernan, Alvin B.,ecomp.94249704aThe modern American theater; :ba collection of critical essays, /cedited by Alvin B. Kernan. aEnglewood Cliffs, N.J., :bPrentice-Hall,c[1967]. a183 p. ;c21 cm.0 aA Spectrum book: Twentieth century views0 aThe attempted dance: a discussion of the modern theater, by A. B. Kernan.--American blues: the plays of Arthur Miller and Tennessee Williams, by K. Tynan.--The world of Thornton Wilder, by T. Guthrie.--The comedy of Thornton Wilder, by T. Bogard.--The men-taming women of William Inge: The dark at the top of the stairs, by R. Brustein--The theater of Edward Albee, by L. Baxandall.--What's the matter with Edward Albee? By T. Driver.--Broadway, by F. Fergusson.--Off-Broadway: editor's note.--The pass-the-hat theater circuit, by E.E. Lester.--Happenings in the New York scene, by A. Kaprow.--The juggernaut of production, by G. Rogoff.--The drama is coming now, by R. Gilman.--Which theater is the absurd one? By E. Albee.--Bibliography (p. 181-183) 0aTheaterzUnited States.942498 0aDramay20th centuryxHistory and criticism.942499 aCatalogación derivada / LC00a792/.097/3 001050718MOaGRbGRcCTd2010-07-09iLF1l0o792/.097/3 p19927-10r2020-06-25w2020-06-25y1ZNo se presta c19440d19440